| Tag |
First Indicator |
Second Indicator |
Subfields |
| LEADER |
00000cjm a2200000 a 4500 |
| 001 |
in00001402066 |
| 005 |
20151020053024.0 |
| 007 |
sd fungnn|||ed |
| 008 |
931112p19931992xx con efi N/A d |
| 024 |
1 |
|
|a 9026616752
|
| 028 |
0 |
2 |
|a 09026-61675-2
|b RCA Victor Red Seal
|
| 033 |
1 |
0 |
|a 19921120
|a 19930512
|a 19920513
|b 5754
|c L7
|
| 035 |
|
|
|a (OCoLC)29306701
|
| 035 |
|
|
|9 AHM6751AM
|
| 040 |
|
|
|a OCP
|c OCP
|d SXP
|d TXA
|d UtOrBLW
|
| 041 |
0 |
|
|g eng
|
| 048 |
|
|
|b sa01
|a oa
|
| 049 |
|
|
|a TXAM
|
| 090 |
|
|
|a M1012.B26
|b V5 1993
|
| 092 |
|
|
|a 784/.23
|
| 100 |
1 |
|
|a Bartók, Béla,
|d 1881-1945.
|
| 240 |
1 |
0 |
|a Violin and orchestra music.
|k Selections
|
| 245 |
1 |
0 |
|a Violin concerto no. 2 ; Rhapsodies /
|c Béla Bartók.
|
| 264 |
|
1 |
|a [Place of publication not identified] :
|b RCA Victor Red Seal ;
|a New York, NY :
|b Manufactured and marketed by BMG Music,
|c [1993]
|
| 264 |
|
4 |
|c ℗1993
|
| 300 |
|
|
|a 1 sound disc (63 min., 17 sec) :
|b digital ;
|c 4 3/4 in.
|
| 336 |
|
|
|a performed music
|b prm
|2 rdacontent
|
| 337 |
|
|
|a audio
|b s
|2 rdamedia
|
| 338 |
|
|
|a audio disc
|b sd
|2 rdacarrier
|
| 490 |
0 |
|
|a Concerto!
|
| 490 |
0 |
|
|a BMG classics
|
| 500 |
|
|
|a Compact disc.
|
| 536 |
|
|
|a Gift from Gilbert and Thyra Plass Record Collection, 1995.
|
| 511 |
0 |
|
|a Kyoko Takezawa, violin ; London Symphony Orchestra ; Michael Tilson Thomas, conductor.
|
| 518 |
|
|
|a Recorded at Abbey Road Studio 1, London, on Nov. 20, 1992 (1st work) and on May 12-13, 1993 (2nd-3rd works).
|
| 500 |
|
|
|a Program notes by John Wiser on container insert.
|
| 505 |
0 |
|
|a Violin concerto, no. 2 (41:49) -- Rhapsody no. 1 for violin and orchestra (10:02) -- Rhapsody no. 2 for violin and orchestra (11:10).
|
| 500 |
|
|
|a Sound recording.
|
| 650 |
|
0 |
|a Concertos (Violin)
|
| 650 |
|
0 |
|a Violin with orchestra.
|
| 700 |
1 |
|
|a Takezawa, Kyoko,
|d 1966-
|
| 700 |
1 |
|
|a Tilson Thomas, Michael,
|d 1944-
|
| 700 |
1 |
2 |
|a Bartók, Béla,
|d 1881-1945.
|t Concertos,
|m violin, orchestra,
|n no. 2.
|f 1993.
|
| 700 |
1 |
2 |
|a Bartók, Béla,
|d 1881-1945.
|t Rhapsodies,
|m violin, piano,
|n no. 1;
|o arranged.
|f 1993.
|
| 700 |
1 |
2 |
|a Bartók, Béla,
|d 1881-1945.
|t Rhapsodies,
|m violin, piano,
|n no. 2;
|o arranged.
|f 1993.
|
| 710 |
2 |
|
|a London Symphony Orchestra.
|
| 948 |
|
|
|a c:jlg
|
| 999 |
|
|
|a MARS
|
| 999 |
f |
f |
|s cb03a57e-964c-34ec-bf95-8331810f9d21
|i e757ae08-ab9f-38b3-8f3a-920ed34dbd6d
|t 0
|
| 952 |
f |
f |
|p ric
|a Texas A&M University
|b Rellis Campus
|c Joint Library Facility
|d Remote Storage
|t 0
|e M1012.B26 V5 1993
|h Library of Congress classification
|i audio -- audio disc
|m A14826190901
|
| 998 |
f |
f |
|a M1012.B26 V5 1993
|t 0
|l Remote Storage
|